000 01072cam a2200229 4500
001 WB3701-39
008 000000n2000 000 0 eng u
035 _a(Sirsi) u110158
245 _aChanges to asbestos law
260 _c2000
490 _aFarmers Guardian
_v29 December 2000, 16(1)
520 _aWarns of the implications for farmers of proposed changes to the legislation affecting asbestos in buildings. Landowners and farmers will be required to prepare a register of their property, including farm buildings, cottages and other let properties, identifying any asbestos that may be present in them, assessing its risk, and setting up procedures for future monitoring and management. Offers advice on how to minimise exposure when removing or repairing asbestos cement.
590 _aWB
650 _aMANAGEMENT-HEALTH AND SAFETY-HAZARDOUS SUBSTANCES-ASBESTOS
650 _aLEGISLATION
650 _aREGISTER
650 _aRISK ASSESSMENTS
650 _aFARM BUILDINGS
650 _aHEALTH AND SAFETY
_96244
690 _aRURAL
_96268
942 _n0
999 _c65694
_d65694